000 15224cam a2203169 i 4500
999 _c59170
001 19916468
003 LIBRIS
005 20220912104040.0
008 161130s2017 sw ||||c||||||000 0|swe|c
020 _a9789140695864
_qhäftad
035 _a(BOKR)9789140695864
040 _aBOKR
_bswe
_dUbl
_dS
_ei
_erda
041 _aswe
082 0 4 _a500
_223/swe
084 _aU
_2kssb/8
100 1 _aHenriksson, Anders,
_d1954-
_4aut
_0https://libris.kb.se/gdsvwtj02xmg99b#it
245 1 0 _aSynpunkt
_pNaturkunskap 2 /
_cförfattare till detta läromedel är Anders Henriksson.
250 _aAndra upplagan
264 1 _aMalmö :
_bGleerups,
_c[2017]
264 3 _c2017
300 _a264 sidor
_billustrationer
_c24 cm
336 _atext
_btxt
_2rdacontent
337 _aunmediated
_bn
_2rdamedia
338 _avolume
_bnc
_2rdacarrier
521 _aFör gymnasieskolan
650 7 _aNaturkunskap
_0https://id.kb.se/term/sao/Naturkunskap
_2sao
650 4 _aLäromedel
_xbiologi och naturkunskap
_xgymnasiet
655 7 _aLäromedel
_0https://id.kb.se/term/saogf/L%C3%A4romedel
_2saogf
887 _a{"@id":"xg8mhwn826fz0fg","modified":"2017-09-07T13:03:24+02:00"}
_2librisxl
887 _a{"@id":"s2pq8gjjqntx4292","modified":"2019-03-08T15:16:16.369+01:00"}
_2librisxl
887 _a{"@id":"fs4v9b91cs1vhhrh","modified":"2021-02-18T17:16:28.817+01:00"}
_2librisxl
887 _a{"@id":"djrw8dlk37rmp7q","modified":"2017-01-17T16:30:12+01:00"}
_2librisxl
887 _a{"@id":"lvwv3gzljd1qs3nz","modified":"2019-09-09T16:24:29.679+02:00"}
_2librisxl
887 _a{"@id":"26fnp247157741d","modified":"2017-05-10T16:55:43+02:00"}
_2librisxl
887 _a{"@id":"w6wwnghftnlp2gcx","modified":"2019-04-03T15:16:21.573+02:00"}
_2librisxl
887 _a{"@id":"dsj32nl8bpnk5fft","modified":"2021-06-10T15:16:38.058+02:00"}
_2librisxl
887 _a{"@id":"59jrp5fb09zlvwh","modified":"2017-04-25T18:33:12+02:00"}
_2librisxl
887 _a{"@id":"fkszjt2l16tn689","modified":"2017-03-10T08:04:52+01:00"}
_2librisxl
887 _a{"@id":"fq4dx7mncck23wpp","modified":"2019-09-27T11:16:19.488+02:00"}
_2librisxl
887 _a{"@id":"z3bhkn544vpsdgf","modified":"2017-02-14T13:03:43+01:00"}
_2librisxl
887 _a{"@id":"xblx3q73vdqlm058","modified":"2021-10-17T14:16:22.239+02:00"}
_2librisxl
887 _a{"@id":"8dm3mc8f53gg94p","modified":"2018-04-27T08:47:05+02:00"}
_2librisxl
887 _a{"@id":"pzzcm6b2mbx5kn5f","modified":"2018-10-05T09:37:58.323+02:00"}
_2librisxl
887 _a{"@id":"bgpx5c0h5pcm5c6","modified":"2021-01-29T17:11:16.558+01:00"}
_2librisxl
887 _a{"@id":"tz6knbc035h65br","modified":"2017-12-05T14:52:16+01:00"}
_2librisxl
887 _a{"@id":"dpk6hz5jb9cmpb59","modified":"2019-05-22T09:16:25.699+02:00"}
_2librisxl
887 _a{"@id":"tz6g0ql01c9b623","modified":"2019-03-19T15:57:31.75+01:00"}
_2librisxl
887 _a{"@id":"r3pnmn5gpq1gbtn9","modified":"2019-12-03T11:16:16.316+01:00"}
_2librisxl
887 _a{"@id":"9fnv2bvg3g698cg","modified":"2017-04-10T12:20:22+02:00"}
_2librisxl
887 _a{"@id":"5llhmv9d3tzb9rlf","modified":"2022-05-06T08:16:33.249+02:00"}
_2librisxl
887 _a{"@id":"0d3vgph0x9b482x4","modified":"2021-06-03T13:16:36.395+02:00"}
_2librisxl
887 _a{"@id":"7clvgvjd429pd1x","modified":"2017-06-28T13:12:21+02:00"}
_2librisxl
887 _a{"@id":"pt2791lv5hxsfmp","modified":"2017-02-13T10:02:54+01:00"}
_2librisxl
887 _a{"@id":"2c5zq9jw0j45zfqz","modified":"2021-10-19T12:00:18.882+02:00"}
_2librisxl
887 _a{"@id":"9fnwdzxg1pc9hwm","modified":"2017-06-15T10:43:26+02:00"}
_2librisxl
887 _a{"@id":"04cj0xh521d5pjk","modified":"2018-08-20T08:05:30.764+02:00"}
_2librisxl
887 _a{"@id":"04ct6wg512m9l1j","modified":"2018-04-12T11:50:49+02:00"}
_2librisxl
887 _a{"@id":"w18gcw2228xtfzn","modified":"2017-04-04T18:23:37+02:00"}
_2librisxl
887 _a{"@id":"48hpccb90pvdq22","modified":"2017-03-15T11:29:29+01:00"}
_2librisxl
887 _a{"@id":"v07jq7z12t99xft","modified":"2017-09-14T09:38:29+02:00"}
_2librisxl
887 _a{"@id":"6lw34fzv4p429ggv","modified":"2021-11-02T12:19:29.245+01:00"}
_2librisxl
887 _a{"@id":"n17jf7fnltq37224","modified":"2021-01-19T14:16:25.593+01:00"}
_2librisxl
887 _a{"@id":"fqphzb6xclxtnjdz","modified":"2019-06-10T15:16:26.028+02:00"}
_2librisxl
887 _a{"@id":"glt0cflm0ggzm83","modified":"2017-02-27T15:17:26+01:00"}
_2librisxl
887 _a{"@id":"bgpxvsqh42xmvrf","modified":"2017-04-25T12:04:01+02:00"}
_2librisxl
887 _a{"@id":"s3ncg39bq30bctnc","modified":"2019-11-13T17:17:12.873+01:00"}
_2librisxl
887 _a{"@id":"tz6hxtp05l59lht","modified":"2017-10-03T13:02:22+02:00"}
_2librisxl
887 _a{"@id":"37gn3mt84629847","modified":"2017-04-12T18:06:56+02:00"}
_2librisxl
887 _a{"@id":"r3qjzn6npcd50jn4","modified":"2019-12-10T14:16:17.397+01:00"}
_2librisxl
887 _a{"@id":"bgp57xph26tsd6k","modified":"2018-06-01T14:38:04+02:00"}
_2librisxl
887 _a{"@id":"6bkttx7c4ngl5mc","modified":"2017-08-22T13:21:35+02:00"}
_2librisxl
887 _a{"@id":"2bd8vw020shrl8kn","modified":"2018-10-18T14:03:09.067+02:00"}
_2librisxl
887 _a{"@id":"x29m94k31vwxwfh","modified":"2017-10-24T20:18:34+02:00"}
_2librisxl
887 _a{"@id":"w54c1mqwtx3qckbz","modified":"2018-09-25T08:02:12.426+02:00"}
_2librisxl
887 _a{"@id":"04cjknh52gmbnd3","modified":"2017-02-10T18:07:18+01:00"}
_2librisxl
887 _a{"@id":"hmv24jwn10s3221","modified":"2017-04-06T16:39:22+02:00"}
_2librisxl
887 _a{"@id":"04cpwgq51gf54wz","modified":"2017-11-09T16:14:48+01:00"}
_2librisxl
887 _a{"@id":"04cmb07557gdcpd","modified":"2022-05-06T08:16:33.277+02:00"}
_2librisxl
887 _a{"@id":"rw49rshx5690xp9","modified":"2017-03-07T10:23:44+01:00"}
_2librisxl
887 _a{"@id":"kpx4vlmq5749r9c","modified":"2017-03-22T14:25:02+01:00"}
_2librisxl
887 _a{"@id":"2bq4lzr80zwr843d","modified":"2019-02-04T16:46:03.737+01:00"}
_2librisxl
887 _a{"@id":"0csjb7fgx2m9hsw9","modified":"2021-03-16T17:16:17.017+01:00"}
_2librisxl
887 _a{"@id":"ns1ftzkt3wv720m","modified":"2019-04-09T13:46:34.721+02:00"}
_2librisxl
887 _a{"@id":"cpmkgxrs9ww7r06c","modified":"2020-02-19T17:16:16.07+01:00"}
_2librisxl
887 _a{"@id":"ns1cvr3t5gm33c7","modified":"2017-10-10T10:15:12+02:00"}
_2librisxl
887 _a{"@id":"48hm64r94wkrxhp","modified":"2017-02-22T17:29:09+01:00"}
_2librisxl
887 _a{"@id":"48hnnc391p4wgfd","modified":"2017-02-09T08:22:22+01:00"}
_2librisxl
887 _a{"@id":"mr09680s5gg8348","modified":"2017-09-06T15:40:14+02:00"}
_2librisxl
887 _a{"@id":"0c72gnsgx7xk89p1","modified":"2020-10-20T10:16:17.915+02:00"}
_2librisxl
887 _a{"@id":"z78sncrmwk6xsk3m","modified":"2018-10-15T11:02:12.097+02:00"}
_2librisxl
887 _a{"@id":"r5tqcs5hpld3p5pd","modified":"2022-05-06T08:16:33.314+02:00"}
_2librisxl
887 _a{"@id":"7clsnl4d2lwnj9n","modified":"2017-03-30T16:52:09+02:00"}
_2librisxl
887 _a{"@id":"5jbtkmrn32gpx3bp","modified":"2020-10-08T14:16:30.519+02:00"}
_2librisxl
887 _a{"@id":"bgpxt8nh4rzzzd4","modified":"2017-04-21T18:30:22+02:00"}
_2librisxl
887 _a{"@id":"3jbvggzf1x5frbm0","modified":"2022-03-16T12:16:46.57+01:00"}
_2librisxl
887 _a{"@id":"8nxmkd5d68p127lz","modified":"2021-10-20T17:16:38.293+02:00"}
_2librisxl
887 _a{"@id":"w9bdtxf2tc6kxqqk","modified":"2021-08-23T16:16:37.458+02:00"}
_2librisxl
887 _a{"@id":"p5m98r0pmf27h732","modified":"2022-09-08T09:18:27.989+02:00"}
_2librisxl
887 _a{"@id":"19rkhqbczrd92xps","modified":"2019-01-30T12:16:31.297+01:00"}
_2librisxl
887 _a{"@id":"tz6l41j04z7ng3k","modified":"2018-01-03T12:18:53+01:00"}
_2librisxl
887 _a{"@id":"cqb6zdcr9mvhd0tf","modified":"2020-08-20T10:16:23.237+02:00"}
_2librisxl
887 _a{"@id":"zb27n9mqw93363cg","modified":"2020-09-18T10:16:14.73+02:00"}
_2librisxl
887 _a{"@id":"37gm00l8046lkzh","modified":"2017-02-27T11:12:19+01:00"}
_2librisxl
887 _a{"@id":"59jqjz8b1kwsvkj","modified":"2017-03-27T16:12:07+02:00"}
_2librisxl
887 _a{"@id":"4h8tb1k829v4r7w6","modified":"2020-09-30T09:16:16.69+02:00"}
_2librisxl
887 _a{"@id":"chqxptgj1hgwfd2","modified":"2018-08-29T13:03:03.178+02:00"}
_2librisxl
942 _2z
_cBOOK
949 _5Gp
_66000110987
_aLärobok15 Na 6
_tNNYNN